| 000 | 01500nam a2200397Ii 4500 | ||
|---|---|---|---|
| 001 | DIGMETPES0110 | ||
| 003 | NyNyDIG | ||
| 008 | 231106s2023 cl ob 000 0 spa d | ||
| 006 | m o d | ||
| 007 | cr ||||||||||| | ||
| 035 | _a(OCoLC)1393344823 | ||
| 040 |
_aDGITA _beng _erda _epn _cDGITA |
||
| 020 |
_a9789566203322 _qeBook |
||
| 020 | _z9789566203315 | ||
| 050 | 1 | 4 | _aTT507 ebook |
| 100 | 1 |
_aÁlvarez Solís, Ángel Octavio, _d1984- _eauthor. |
|
| 245 | 1 | 3 |
_aEl armario de los filósofos / _cÁngel Octavio Álvarez Solís. |
| 264 | 1 |
_aSantiago de Chile : _bediciones / metales pesados, _c[2023] |
|
| 300 | _a1 online resource. | ||
| 336 |
_atext _btxt _2rdacontent |
||
| 337 |
_acomputer _bc _2rdamedia |
||
| 338 |
_aonline resource _bcr _2rdacarrier |
||
| 347 |
_atext file _2rdaft |
||
| 347 | _bPDF | ||
| 504 | _aIncludes bibliographical references. | ||
| 588 | 0 | _aOnline resource; title from PDF title page (Digitalia, viewed November 6, 2023) | |
| 650 | 0 |
_aFashion _xPhilosophy. |
|
| 650 | 0 | _aFashion design. | |
| 650 | 0 | _aMind and body. | |
| 791 | 2 |
_aDigitalia (Firm), _edistributor. |
|
| 793 | 0 |
_gDigitalia eBook Collection: _aMetales pesados |
|
| 776 | 0 | 8 |
_iPrint version: _aÁlvarez Solís, Ángel Octavio, 1984- _tArmario de los filósofos. _dSantiago de Chile : ediciones / metales pesados, [2023] _z9789566203315 |
| 856 | 4 | 0 |
_3Digitalia Hispánica _uhttps://www.digitaliapublishing.com/a/129557/ |
| 910 | _aPremium collection: 2023 | ||
| 942 | _cRAA | ||
| 999 |
_c280379 _d280379 |
||